Electrophoresis: A survey of techniques and applications. Pt B. Applications (Record no. 39366)

MARC details
000 -LEADER
fixed length control field 00347nam a2200121Ia 4500
082 ## - DEWEY DECIMAL CLASSIFICATION NUMBER
Classification number 537.363
Item number DEY
245 #0 - TITLE STATEMENT
Title Electrophoresis: A survey of techniques and applications. Pt B. Applications
260 ## - PUBLICATION, DISTRIBUTION, ETC. (IMPRINT)
Place of publication Amsterdam
Name of publisher Elsevier
Year of publication 1983
650 ## - SUBJECT ADDED ENTRY--TOPICAL TERM
Topical Term Electrophoresis
700 ## - ADDED ENTRY--PERSONAL NAME
Personal name Deyl, Z
942 ## - ADDED ENTRY ELEMENTS (KOHA)
Koha item type Books
Holdings
Withdrawn status Lost status Damaged status Not for loan Home library Current library Date acquired Cost, normal purchase price Full call number Accession Number Koha item type
        RRII Library RRII Library 16/12/2021 240.00 537.363 DEY 19701 Books